| Поле | Инд. | ПП | Название | Значение |
|---|---|---|---|---|
| Тип записи | a | |||
| Библиографический уровень | m | |||
| 001 | Контрольный номер | RU/IS/BASE/226234695 | ||
| 005 | Дата корректировки | 20170208093317.2 | ||
| 020 | 00 | a | ISBN | 5-7406-0442-7 |
| c | Цена, тираж | 100-00 | ||
| 084 | a | Индекс другой классификации/Индекс ББК | 68.53-1+39.4г | |
| 090 | a | Полочн. индекс | 68.53-1 | |
| x | Авторский знак | Г 33 | ||
| 100 | 10 | a | Автор | Геманов В. С. |
| 245 | 00 | a | Заглавие | История Российского флота |
| b | Продолж. заглавия | учеб. пособие для вузов | ||
| 260 | 00 | a | Место издания | Калининград |
| b | Издательство | Янтар. сказ | ||
| c | Дата издания | 2001 | ||
| 300 | 00 | a | Объем | 391 с. |
| 650 | _4 | a | Основная рубрика | Морской транспорт-История-Учебные издания для высших учебных заведений |
| 650 | 14 | a | Основная рубрика | Военно-морской флот-История-Учебные издания для высших учебных заведений |
| 653 | 00 | a | Ключевые слова | Военный флот |
| a | Ключевые слова | История флота | ||
| a | Ключевые слова | Министерство Рыбного флота | ||
| a | Ключевые слова | Морские походы | ||
| a | Ключевые слова | Морской флот | ||
| a | Ключевые слова | Порты | ||
| a | Ключевые слова | Рыбопромысловый флот | ||
| a | Ключевые слова | Торговый флот | ||
| 952 | c | Вид литературы | учебное пособие | |
| 990 | 00 | f | Даты поступлений (DOS) | 04.02 |